000
00270nam a2200109Ia 4500
008
200302s9999 xx 000 0 und d
100
_a
Ruth Rosenthal Maggie Toy Edition
245
_a
Building Sights
260
_b
Academy edition, Britan
260
_c
1995
300
_a
127
999
_c
4598
_d
4598